| 000 | 01021nam a22003137a 4500 | ||
|---|---|---|---|
| 003 | CHAP | ||
| 005 | 20220329135819.0 | ||
| 008 | 971013s1976 r 00010 d | ||
| 010 | _a42681 | ||
| 011 | _a43653 | ||
| 035 | _a47789 | ||
| 040 | _cCHAP | ||
| 090 | _aFolleto 9263 | ||
| 110 |
_aMéxico. Dirección General de Unidades de Riego para el Desarrollo Rural _977049 |
||
| 245 | _aConstrucciones rústicas para animales domésticos | ||
| 260 |
_aMéxico, D.F. : _bLa Dirección, _c1976 |
||
| 300 |
_aHoja desplegable _b: ilus |
||
| 490 |
_aHoja de divulgación _v; 25 |
||
| 590 |
_aBATCH-UPD _b10 _c20130110 _lUCH01 _h1500 |
||
| 590 |
_aBATCH-UPD _b10 _c20130410 _lUCH01 _h0922 |
||
| 590 |
_aBATCH-UPD _b10 _c20130914 _lUCH01 _h1037 |
||
| 590 |
_aCONVERSION _b10 _c20130109 _lUCH01 _h1323 |
||
| 650 | 1 | 4 |
_aConstrucciones rurales. _927378 |
| 650 | 1 | 4 |
_aEstablos. _938184 |
| 830 | 0 |
_aHoja de divulgación _v; 25 _955847 |
|
| 901 | _aBK | ||
| 942 | _cFOLL | ||
| 949 |
_aFolleto 9263 _bBC _cFOLL _d-108510 _eTS1 _i47789 _mD _si |
||
| 999 |
_c42681 _d42681 |
||